<?xml version="1.0" encoding="UTF-8"?>
<record
    xmlns:xsi="http://www.w3.org/2001/XMLSchema-instance"
    xsi:schemaLocation="http://www.loc.gov/MARC21/slim http://www.loc.gov/standards/marcxml/schema/MARC21slim.xsd"
    xmlns="http://www.loc.gov/MARC21/slim">

  <leader>06647cam a2200325   4500500</leader>
  <controlfield tag="005">20260329011330.0</controlfield>
  <datafield tag="041" ind1=" " ind2=" ">
    <subfield code="a">fre</subfield>
  </datafield>
  <datafield tag="042" ind1=" " ind2=" ">
    <subfield code="a">dc</subfield>
  </datafield>
  <datafield tag="100" ind1="1" ind2="0">
    <subfield code="a">Duteil-Ogata, Fabienne</subfield>
    <subfield code="e">author</subfield>
  </datafield>
  <datafield tag="245" ind1="0" ind2="0">
    <subfield code="a">Re-pr&#xE9;sentations sur Instagram du corps des &#xE9;tudiants japonais engag&#xE9;s dans des clubs sportifs &#xE0; partir de la photo-interview</subfield>
  </datafield>
  <datafield tag="260" ind1=" " ind2=" ">
    <subfield code="c">2020.
							</subfield>
  </datafield>
  <datafield tag="500" ind1=" " ind2=" ">
    <subfield code="a">32</subfield>
  </datafield>
  <datafield tag="520" ind1=" " ind2=" ">
    <subfield code="a">Les jeunes Japonais engag&#xE9;s dans des clubs sportifs universitaires utilisent les r&#xE9;seaux sociaux, notamment Instagram. Comment ces &#xE9;tudiants sportifs re-pr&#xE9;sentent-ils leur corps sur Instagram, que disent-ils ou non de leurs pratiques corporelles&#xA0;? &#xC0; partir de la pratique de la photo-interview initi&#xE9;e par John Collier que je revisiterai &#xE0; l&#x2019;&#xE8;re du num&#xE9;rique, phono&#xE9;graphie-interview, j&#x2019;analyserai les re-pr&#xE9;sentations de la corporalit&#xE9; de deux sportifs (un judoka et une danseuse) &#xE0; partir du filtre des figures de style, reprenant le travail exploratoire d&#x2019;Albert Piette &#xAB;&#xA0;Ontographies compar&#xE9;es&#xA0;&#xBB; (2010),&#xA0;pour rendre compte du mode de pr&#xE9;sence du corps. L&#x2019;analyse des posts des deux &#xE9;tudiants sportifs sur Instagram &#xE0; l&#x2019;aune des posts de leurs pairs montre que leur pratique sportive quotidienne est peu re-pr&#xE9;sent&#xE9;e, contrairement aux moments &#xAB;&#xA0;exceptionnels&#xA0;&#xBB; de leur vie &#xE9;tudiante. L&#x2019;action et l&#x2019;&#xE9;motion sont au c&#x153;ur de leurs phono&#xE9;graphies, le corps s&#x2019;exprime de mani&#xE8;re m&#xE9;tonymique ou sur un mode parodique voire ludique, privil&#xE9;giant l&#x2019;Autre, cr&#xE9;ant une corporalit&#xE9; communicationnelle.</subfield>
  </datafield>
  <datafield tag="520" ind1=" " ind2=" ">
    <subfield code="a">Japanese students enrolled in university sports clubs regularly use social networks, especially Instagram. How do these student athletes re-present their bodies on Instagram, and, in doing so, what are they saying (or not) about their bodily practices? Using the photo-interview method developed by John Collier and practices inherent to the digital age&#x2014;the phoneogram-interview&#x2014;I will explore re-presentations of the corporality of two student athletes (a judoka and a dancer) from the perspective of figures of speech, inspired by Albert Piette&#x2019;s pioneering work on comparative ontographies (2010), with a view to accounting for the mode of bodily presence. Analysis of the posts published on Instagram by these two student athletes in the light of those of their peers demonstrates that their daily sporting activity is relatively under-re-presented, unlike the &#x201C;exceptional&#x201D; moments in their student life. Action and emotion lie at the heart of their phoneograms, expressing the body either as a metonymy or playful parody, foregrounding the Other and creating a form of communicational corporality.</subfield>
  </datafield>
  <datafield tag="520" ind1=" " ind2=" ">
    <subfield code="a">Resumen&#xA0;: Los j&#xF3;venes japoneses que participan en clubes deportivos universitarios usan las redes sociales, especialmente Instagram. &#xBF;C&#xF3;mo estos estudiantes deportistas vuelven a presentar sus cuerpos en Instagram, qu&#xE9; dicen o no sobre sus pr&#xE1;cticas corporales? A partir de la pr&#xE1;ctica de la entrevista fotogr&#xE1;fica iniciada por John Collier que volver&#xE9; a visitar en la era digital, entrevista fonogr&#xE1;fica, analizar&#xE9; las representaciones de la corporalidad de dos atletas (un judoka y un bailar&#xED;n) de la figura del filtro del habla, retomando el trabajo exploratorio de Albert Piette "Comparaci&#xF3;n Ortograf&#xED;a&#xA0;&#xBB;(2010), para dar cuenta del modo de presencia del cuerpo. El an&#xE1;lisis de las publicaciones de los dos estudiantes de deportes en Instagram contra las publicaciones de sus compa&#xF1;eros muestra que su pr&#xE1;ctica deportiva diaria est&#xE1; poco representada, a diferencia de los momentos "excepcionales" de su vida estudiantil. La acci&#xF3;n y la emoci&#xF3;n est&#xE1;n en el coraz&#xF3;n de sus fonograf&#xED;as, el cuerpo se expresa meton&#xED;micamente o en una parodia o incluso en modo recreativa, favoreciendo al Otro, creando una corporalidad comunicativa.</subfield>
  </datafield>
  <datafield tag="520" ind1=" " ind2=" ">
    <subfield code="a">Japanische Jugendliche aus Universit&#xE4;tssportclubs nutzen soziale Netzwerke, besonders Instagram. Wie stellen diese sportlichen Studenten ihre K&#xF6;rper auf Instagram dar, was sagen sie &#xFC;ber ihre k&#xF6;rperlichen Praktiken oder nicht? Ausgehend von der von John Collier initiierten Praxis des Fotointerviews, die ich im digitalen Zeitalter als Phono&#xE9;graphie-Interview wieder aufgreifen werde, analysiere ich die Darstellung der K&#xF6;rperlichkeit zweier Sportler (eines Judoka und einer T&#xE4;nzerin) unter Verwendung des Filters stilistischer Figuren und kn&#xFC;pfe dabei an die Forschungsarbeit von Albert Piette "Ontographies compar&#xE9;es" (&#x201E;Vergleichende Ontographien&#x201C; 2010) an, um den Modus der Pr&#xE4;senz des K&#xF6;rpers zu ber&#xFC;cksichtigen. Die Analyse der Posts der beiden studentischen Sportler auf Instagram im Vergleich mit den Posts ihrer Altersgenossen zeigt, dass ihre t&#xE4;gliche sportliche Praxis im Gegensatz zu den "au&#xDF;ergew&#xF6;hnlichen" Momenten ihres Studentenlebens nur wenig vertreten ist. Handlung und Emotion stehen im Zentrum ihrer Phono&#xE9;graphie, der K&#xF6;rper dr&#xFC;ckt sich metonymisch, parodierend oder sogar spielerisch aus, privilegiert den Anderen, schafft eine kommunikative K&#xF6;rperlichkeit.</subfield>
  </datafield>
  <datafield tag="520" ind1=" " ind2=" ">
    <subfield code="a">I giovani giapponesi impegnati come universitari utilizzano le reti sociali, in particolare Instagram. Come questi studenti sportivi ri-rappresentano il loro corpo su Instagram, cosa dicono o non dicono delle loro pratiche corporali? A partire dalla pratica della foto-intervista iniziata da John Collier che rivisiterei all&#x2019;era del numerico, fonoegrafia-intervista, analizzer&#xF2; le ri-rappresentazioni della corporalit&#xE0; di due sportivi (un judoka e una danzatrice) a partire dal filtro delle figure di stile, riprendendo il lavoro esplorativo di Albert Piette &#xAB;ontographies compar&#xE9;es&#xBB; (2010), per rendere conto del modo di presenza del corpo. L&#x2019;analisi dei post dei due studenti sportivi su Instagram in confronto a dei post dei loro pari mostra che la loro pratica sportiva quotidiana &#xE8; poco ri-presentata, contrariamente ai momenti &#xAB;eccezionali&#xBB; della loro vita studentesca. L&#x2019;azione e l&#x2019;emozione sono al centro delle loro fonoegrafie, il corpo si esprime in maniera metonimica o su un modo parodistico perfino ludico, privilegiando l&#x2019;Altro, creante una corporalit&#xE0; comunicativa.</subfield>
  </datafield>
  <datafield tag="690" ind1=" " ind2=" ">
    <subfield code="a">clubs sportifs universitaires</subfield>
  </datafield>
  <datafield tag="690" ind1=" " ind2=" ">
    <subfield code="a">corps</subfield>
  </datafield>
  <datafield tag="690" ind1=" " ind2=" ">
    <subfield code="a">jeunes Japonais</subfield>
  </datafield>
  <datafield tag="690" ind1=" " ind2=" ">
    <subfield code="a">photo</subfield>
  </datafield>
  <datafield tag="690" ind1=" " ind2=" ">
    <subfield code="a">r&#xE9;seaux sociaux</subfield>
  </datafield>
  <datafield tag="690" ind1=" " ind2=" ">
    <subfield code="a">body</subfield>
  </datafield>
  <datafield tag="690" ind1=" " ind2=" ">
    <subfield code="a">photo</subfield>
  </datafield>
  <datafield tag="690" ind1=" " ind2=" ">
    <subfield code="a">social networks</subfield>
  </datafield>
  <datafield tag="690" ind1=" " ind2=" ">
    <subfield code="a">university sports clubs</subfield>
  </datafield>
  <datafield tag="690" ind1=" " ind2=" ">
    <subfield code="a">young Japanese people</subfield>
  </datafield>
  <datafield tag="786" ind1="0" ind2=" ">
    <subfield code="n">Staps | 129 | 3 | 2020-11-20 | p. 11-29 | 0247-106X</subfield>
  </datafield>
  <datafield tag="856" ind1="4" ind2="1">
    <subfield code="u">https://shs.cairn.info/revue-staps-2020-3-page-11?lang=fr&amp;redirect-ssocas=7080</subfield>
  </datafield>
  <datafield tag="999" ind1=" " ind2=" ">
    <subfield code="c">1860654</subfield>
    <subfield code="d">1860654</subfield>
  </datafield>
</record>
